000 00867nas a2200289 4500
001 BR2011004323
003 BR-BrBNA
005 20231205115059.0
007 ta
008 230509b bl.|||p| |||| 00| 00por d
040 _aBR-BrBNA
_bpor
_cBiblioteca Nacional de Agricultura
041 _a(Pt)
072 _aH20
100 1 _aEngelsing, M.J.
100 1 _aRozzetto, D.S.
100 1 _aCoimbra, J.L.M.
100 1 _aZanin, C.G.
100 1 _aGuidolin, A.F.
245 1 _aCapacidade de combinação em milho para resistência a Cercospora zeae-maydis
650 _aMILHO
650 _aCERCOSPORIOSE
650 _aCRUZAMENTO DIALÉLICO
650 _aRENDIMENTO
773 0 _tRevista Ciência Agronômica (Brazil)
_xISSN 0045-6888
_g(Jan-Mar 2011), v. 42(1) p. 232-241
_wBR2011004323
909 _a202311
_bLúcia
_c55
_dLúcia Elande
942 _2AGRIS
_n0
_cANA
999 _c211989
_d211989